00317nam a2200133Ia 4500008004100000100002500041245002300066250001200089260003400101300000800135650001600143942000700159999001700166190216s9999||||xx |||||||||||||| ||und|| aVillyam Jadsan Levek 0aSamkhya Sidhantham a1st Ed. bKerala Bhasha Institutec1975 a256 aMathematics cBK c37729d37729